Human resource management

Bibliographic Details
Main Author: MAIMUNAH Aminuddin
Format: Book
Published: Kuala Lumpur : Penerbit Fajar Bakti , 2000
Edition:2nd ed.
Subjects:

MARC

LEADER 00000cam a2200000 7i4500
001 0000001081
005 20131221.0
020 0 0 |a 9676541362 
090 0 0 |a 658.3   |b MAI 2000 
100 0 0 |a MAIMUNAH Aminuddin 
245 1 0 |a Human resource management   |c Maimunah Aminuddin 
250 0 0 |a 2nd ed. 
260 0 0 |a Kuala Lumpur :   |b Penerbit Fajar Bakti ,   |c 2000 
300 |a vi, 224 p. :   |b ill. ;   |c 22 cm. 
500 0 0 |a Includes bibliographical references and index 
650 0 0 |a Employee assistance programs 
650 0 0 |a Personnel management 
998 |a JPSM 
999 |a 0000002020   |b Monograph   |c Open Shelf   |e Default branch